Statistical investigator (Record no. 146103)

MARC details
000 -LEADER
fixed length control field 00453nam a22001577a 4500
005 - DATE AND TIME OF LATEST TRANSACTION
control field 20171005110551.0
010 ## - LCCN (DPL NO)
LC control number 1718EN-30
020 ## - INTERNATIONAL STANDARD BOOK NUMBER
International Standard Book Number 9789384636494
Terms of availability 200.00
037 ## - SOURCE OF ACQUISITION
Stock number dpl
Source of stock number/acquisition Saraswat
245 ## - TITLE STATEMENT
Title Statistical investigator
260 ## - PUBLICATION, DISTRIBUTION, ETC. (IMPRINT)
Place of publication, distribution, etc New Delhi
Name of publisher, distributor, etc KD Publication
Date of publication, distribution, etc 2015
270 ## - ADDRESS
Address 701, 2nd Floor, Dr. Mukherjee Nagar,
City New Delhi
Postal code 110009
300 ## - PHYSICAL DESCRIPTION
Extent 229p.
Dimensions 23cm(pbk)
942 ## - ADDED ENTRY ELEMENTS (KOHA)
Source of classification or shelving scheme Dewey Decimal Classification
Item type English Books
Call number suffix STA

No items available.


© Delhi Public Library
Hit Counter
free hit counter